Statistics for Most Viewed Video by Kpop Artist

Click here to take the quiz!

General Stats

  • This quiz has been taken 443 times
  • The average score is 11 of 24

Answer Stats

Kpop Artist Number of Views Name of Video % Correct
Psy2,574,013,000Gangnam Style
85%
Big Bang224,637,000Fantastic Baby
68%
Infinite18,919,000Bad
62%
Red Velvet38,577,000Ice Cream Cake
58%
Got756,376,000Just Right
57%
BTS62,945,000Dope
57%
2NE1151,434,000I Am the Best
55%
Super Junior108,502,000Mr. Simple
53%
Girl's Generation163,168,000I Got a Boy
53%
Hyuna110,022,000Bubble Pop!
53%
EXO101,206,000Overdose
51%
4minute59,878,000Crazy
51%
Twice61,751,000Like OOH-AHH
50%
Taeyang70,316,000Eyes, Nose, Lips
49%
Shinee72,318,000Lucifer
43%
G Dragon78,184,000Crooked
37%
AOA37,452,000Miniskirt
32%
CL28,440,000The Baddest Female
28%
Miss A50,605,000Only You
25%
Beast42,699,000Fiction
25%
BAP23,063,000One Shot
22%
Apink35,298,000LUV
18%
Ikon25,459,000My Type
17%
Sistar55,087,000Ma Boy
5%

Score Distribution

Percentile by Number Answered

Percent of People with Each Score

Your Score History

You have not taken this quiz